| 000 | 01324nam0a2200349 i 4500 | ||
|---|---|---|---|
| 001 | RU\NLR\BIBL_A\011251222 | ||
| 005 | 20240921205019.0 | ||
| 010 |
_a9785000303948 _92000 |
||
| 021 |
_aRU _b2016-76934 _95005 |
||
| 035 | _a(NILC)RuMoRGB-008642905 | ||
| 035 | _a(NLR Aleph) 011251222 | ||
| 090 |
_a12168273 _c12168273 |
||
| 100 | _a20161020d2017 um y0rusy50 ca | ||
| 101 | 0 | _arus | |
| 102 | _aRU | ||
| 105 | _ay|||g|||000zy | ||
| 200 | 1 |
_aОнкомаркеры _eметоды определения, референтные значения, интерпретация тестов _e[справочник] _fВ. С. Камышников |
|
| 205 | _a5-е изд. | ||
| 210 |
_aМосква _cМЕДпресс-информ _d2017 _e[т. е. 2016] |
||
| 215 |
_a120 с. _d10х14 |
||
| 300 | _aФактическая дата выхода в свет - 2016 | ||
| 606 | 1 |
_aОпухолевые маркеры _jСправочники _92516309 _3RU\NLR\AUTH\661491373 |
|
| 610 | 0 | _aонкомаркеры | |
| 675 | _a616 | ||
| 686 | 1 | _aР562,4-47я22 | |
| 700 | 1 |
_aКамышников _bВ. С. _gВладимир Семенович |
|
| 801 | 0 |
_aRU _bРГБ _c20161007 _gRCR |
|
| 801 | 2 |
_aRU _bРГБ _c20161013 _grcr |
|
| 942 | _cBOOK | ||
| 980 | _aNBR | ||